| Tag |
First Indicator |
Second Indicator |
Subfields |
| LEADER |
00000cam a2200000 4500 |
| 001 |
in00000315613 |
| 005 |
20151011051405.0 |
| 008 |
770809s1896 ilu 00000 eng d |
| 010 |
|
|
|a 03002907
|
| 035 |
|
|
|a (OCoLC)03174081
|
| 035 |
|
|
|9 ABK8447AM
|
| 040 |
|
|
|a DLC
|c HDC
|d HDC
|d TXA
|d UtOrBLW
|
| 049 |
|
|
|a TXAM
|c [91427]
|
| 050 |
|
0 |
|a QA552
|b .B86
|
| 100 |
1 |
|
|a Briot, Charles,
|d 1817-1882.
|
| 245 |
1 |
0 |
|a Briot and Bouquet's elements of analytical geometry of two dimensions.
|
| 250 |
|
|
|a The 14th ed.,
|b tr. and ed. by James Harrington Boyd.
|
| 264 |
|
1 |
|a Chicago,
|a New York :
|b Werner school book company,
|c [1896]
|
| 264 |
|
4 |
|c [©1896]
|
| 300 |
|
|
|a 2 pages ., 581 pages :
|b diagram ;
|c 23 cm.
|
| 336 |
|
|
|a text
|b txt
|2 rdacontent
|
| 337 |
|
|
|a unmediated
|b n
|2 rdamedia
|
| 338 |
|
|
|a volume
|b nc
|2 rdacarrier
|
| 650 |
|
0 |
|a Geometry, Analytic
|x Plane.
|
| 999 |
|
|
|a MARS
|
| 999 |
f |
f |
|s 69765855-30b0-3dec-b083-c8074136fa79
|i e13f0260-6928-3859-beae-82b25e7dbd7a
|t 0
|
| 952 |
f |
f |
|p normal
|a Texas A&M University
|b College Station
|c Sterling C. Evans Library
|d Evans: Library Stacks
|t 0
|e QA552 .B86
|h Library of Congress classification
|i unmediated -- volume
|m A14804550999
|
| 998 |
f |
f |
|a QA552 .B86
|t 0
|l Evans: Library Stacks
|